2024 Represented Olympic Countries - Statistics

General Stats
  • This quiz has been taken 42 times
  • The average score is 126 of 206
Answer Stats
Number of Athletes Answer % Correct
573 France
89%
428 Germany
89%
592 United States
89%
315 Canada
87%
148 Argentina
84%
460 Australia
84%
78 Austria
84%
388 China
84%
124 Denmark
84%
107 Mexico
84%
117 Sweden
84%
274 Brazil
82%
100 Greece
82%
1 Belize
79%
87 Columbia
79%
56 Finland
79%
134 Ireland
79%
107 Norway
79%
383 Spain
79%
45 Algeria
76%
58 Dominican Republic
76%
8 El Salvador
76%
7 Haiti
76%
403 Japan
76%
16 North Korea
76%
9 Saudi Arabia
76%
141 South Korea
76%
140 Ukraine
76%
2 Andorra
74%
48 Chile
74%
61 Cuba
74%
111 Czech Republic
74%
148 Egypt
74%
33 Fiji
74%
16 Guatemala
74%
117 India
74%
58 Jamaica
74%
7 Niger
74%
210 Poland
74%
73 Portugal
74%
106 Romania
74%
14 South Sudan
74%
3 Sudan
74%
127 Switzerland
74%
8 Albania
71%
5 Antigua and Barbuda
71%
15 Armenia
71%
46 Bulgaria
71%
6 Costa Rica
71%
73 Croatia
71%
40 Iran
71%
22 Iraq
71%
371 Italy
71%
29 Latvia
71%
50 Lithuania
71%
88 Nigeria
71%
8 Panama
71%
14 Qatar
71%
149 South Africa
71%
18 Bahamas
68%
6 Democratic Republic of the Congo
68%
4 Dominica
68%
8 Ghana
68%
5 Guyana
68%
4 Honduras
68%
5 Iceland
68%
29 Indonesia
68%
88 Israel
68%
11 Ivory Coast
68%
12 Jordan
68%
9 Kosovo
68%
6 Libya
68%
195 New Zealand
68%
7 Pakistan
68%
28 Paraguay
68%
4 Republic of the Congo
68%
5 San Marino
68%
113 Serbia
68%
90 Slovenia
68%
18 Trinidad and Tobago
68%
27 Tunisia
68%
13 United Arab Emirates
68%
25 Uruguay
68%
4 Barbados
66%
166 Belgium
66%
4 Bolivia
66%
11 Botswana
66%
16 Cyprus
66%
40 Ecuador
66%
24 Estonia
66%
34 Ethiopia
66%
327 Great Britan
66%
6 Grenada
66%
14 Luxembourg
66%
6 Monaco
66%
4 Oman
66%
4 Saint Vincent and the Grenadines
66%
5 Suriname
66%
33 Venezuela
66%
4 Yemen
66%
7 Zimbabwe
66%
24 Angola
63%
13 Bahrain
63%
5 Benin
63%
3 Bhutan
63%
3 Cambodia
63%
170 Hungary
63%
79 Kazakhstan
63%
4 Laos
63%
23 Mali
63%
32 Mongolia
63%
26 Peru
63%
11 Senegal
63%
3 Seychelles
63%
1 Somalia
63%
5 Togo
63%
4 Tonga
63%
102 Turkey
63%
86 Uzbekistan
63%
2 American Samoa
61%
5 Bosnia and Herzegovina
61%
6 Cameroon
61%
7 Cape Verde
61%
3 Equatorial Guinea
61%
72 Kenya
61%
9 Kuwait
61%
3 Lesotho
61%
7 Madagascar
61%
4 Marshall Islands
61%
2 Mauritania
61%
19 Montenegro
61%
59 Morocco
61%
258 Netherlands
61%
7 Nicaragua
61%
22 Philippines
61%
8 Rwanda
61%
3 Saint Kitts and Nevis
61%
4 Saint Lucia
61%
24 Samoa
61%
51 Thailand
61%
7 The Gambia
61%
27 Zambia
61%
3 Chad
58%
3 Eswatini
58%
28 Georgia
58%
26 Malaysia
58%
5 Maldives
58%
5 Malta
58%
13 Mauritius
58%
26 Moldova
58%
7 Mozambique
58%
7 Nepal
58%
3 Palau
58%
51 Puerto Rico
58%
23 Singapore
58%
2 Solomon Islands
58%
6 Sri Lanka
58%
6 Syria
58%
7 Tanzania
58%
16 Vietnam
58%
3 Brunei
55%
4 Central African Republic
55%
7 Djibouti
55%
5 Gabon
55%
3 Malawi
55%
7 North Macedonia
55%
24 Uganda
55%
6 Aruba
53%
8 Burkina Faso
53%
7 Burundi
53%
4 Comoros
53%
4 East Timor
53%
10 Lebanon
53%
8 Liberia
53%
2 Myanmar
53%
8 Palestine
53%
5 Sierra Leone
53%
3 Kiribati
50%
1 Nauru
50%
3 Sao Tome and Principe
50%
14 Tajikistan
50%
2 Tuvalu
50%
6 Vanuatu
50%
5 Bangladesh
47%
3 Federated States of Micronesia
45%
36 Hong Kong
45%
4 Namibia
45%
8 Bermuda
39%
60 Chinese Taipei
37%
8 Guam
37%
2 Cook Islands
32%
5 Virgin Islands
32%
4 Cayman Islands
29%
4 British Virgin Islands
26%
37 Refugee Olympic Team
26%
6 Afganistan
16%
6 Guiena-Bissau
13%
32 Individual Neutral Athletes
13%
47 Azerbijan
5%
1 Liechtenstien
5%
12 Eritera
3%
24 Guiena
3%
16 Kyrgyztan
3%
7 Papua New Guniea
3%
28 Solvakia
3%
6 Turksmenistan
3%
No matching quizzes found
Score Distribution
Percent of People with Each Score
Percentile by Number Answered
Your Score History
You have not taken this quiz